000 00354nam a2200157Ia 4500
003 OSt
005 20240106122546.0
008 170524s9999 xx 000 0 und d
020 _a9780195680874
040 _cIIMT UNIVERSITY
100 _aSchaumann- Rolf
245 0 _aDesign of Analog Filters
260 _bOxford
260 _c2011
942 _2ddc
_c02
999 _c5965
_d5965